[Event "Rishon Le Ziyyon casual"]
[Site "Rishon Le Ziyyon"]
[Date "1994.??.??"]
[Round "?"]
[White "Fleish, Felix"]
[Black "Tsesarsky, Ilya"]
[Result "1/2-1/2"]
[WhiteElo "2310"]
[BlackElo "2440"]
[Annotator "Tsesarsky,I"]
[PlyCount "53"]
[EventDate "1994.11.??"]
[EventType "game"]
[EventRounds "11"]
[EventCountry "ISR"]
[EventCategory "11"]
[SourceTitle "CBM 057"]
[Source "ChessBase"]
[SourceDate "1997.04.01"]
[SourceVersion "1"]
[SourceVersionDate "1997.04.01"]
[SourceQuality "1"]

1. e4 c5 2. Nf3 Nc6 3. d4 cxd4 4. Nxd4 e5 5. Nb5 Nf6 6. N1c3 d6 7. Nd5 Nxd5 8.
exd5 Nb8 9. c4 Be7 10. Be2 O-O 11. O-O Nd7 12. Be3 a6 13. Nc3 f5 14. f3 Bg5 (
14... Rf6 $5 15. Qc2 f4 16. Bf2 Rh6 17. Rfd1 Qe8 18. Ne4 Qh5 19. h3 Nf6 20. Kf1
Rg6 21. Nxf6+ gxf6 22. Bd3 Rxg2 23. Kxg2 Bxh3+ 24. Kh2 Kh8 25. Bg6 hxg6 26. Qb3
Kg7 27. Bb6 Qh4 28. Rd2 Qg3+ 29. Kh1 Rh8 {0-1 Ledic,T-Ivanovic,B/Vinkovci 1982}
) 15. Bf2 Qe7 $146 (15... Qf6 $146 16. Na4 Qh6 (16... Rb8 17. Ba7 Ra8 18. Bf2)
17. Qb3 Rf6 (17... Bf4 18. g3 Bg5 19. c5 Rb8 20. Rae1 f4 $132) 18. Nb6 Bf4 19.
Bg3 Bxg3 20. hxg3 Nxb6 21. Qxb6 Qg5 $4 (21... Qg6 22. Qd8+ (22. Kf2 f4 23. g4
e4 (23... h5 24. Rh1 $14) (23... Rf8 24. Rae1 e4 25. fxe4 Bxg4 (25... Qxe4 26.
Rh1 Qc2 $132) 26. Bxg4 Qxg4 27. Qxd6 Rae8 28. c5 Rf6 29. Qc7 Rg6 $17) 24. fxe4
Bxg4 25. Bxg4 Qxg4 26. Qxb7 Re8 $17) (22. Qf2 Bd7 $15) 22... Rf8 $17) 22. Qd8+
Kf7 23. f4 $1 Qxg3 $2 (23... Qh6 24. Rac1 g6 (24... exf4 25. gxf4 (25. Rce1 g6
(25... fxg3 26. Bh5+ $18) 26. gxf4 Qf8 27. Qb6 $16) 25... g6 26. c5 Qf8 27.
Qc7+ Kg8 28. b4 Rf7 29. Qxd6 Qxd6 30. cxd6 Rd7 31. Rc7 Rxd6 32. Rfc1 Bd7 33.
Rxb7 Rd8 34. Bf3 $16) 25. c5 Qf8 26. Qc7+ Qe7 27. cxd6 Rxd6 28. fxe5 $18) 24.
Bh5+ $1 g6 25. Rf3 Qh4 26. Rh3 {1-0 Lanc-Tsesarsky/Kecskemet/SW,31,22 1989})
16. Na4 e4 (16... b5 $5 17. cxb5 axb5 18. Bxb5 Ba6 19. Bxd7 Qxd7 20. Nb6 Qb7
21. Nxa8 Bxf1 22. Nb6 Ba6 $44) 17. Bd4 exf3 (17... Re8 $5 18. f4 Bf6 19. Re1
Bxd4+ (19... Rb8 $5 20. Nc3 (20. Ba7 Ra8 21. Bd4 $11) 20... Bxd4+ $2 (20... Nc5
$1 21. b4 Nd3 $5 22. Bxf6 Qxf6 23. Nxe4 $1 (23. Bxd3 Qxc3 $15) 23... fxe4 (
23... Qd4+ 24. Kh1 fxe4 $2 (24... Rxe4 $1 25. Bxd3 (25. Qxd3 Qf2 26. Qf3 Qxf3 (
26... Rxf4 27. Qxf2 Rxf2 28. c5 Bd7 29. Kg1 Rf4 30. Rab1 Rd8 31. Bf3 Bb5 32.
Re7 Rc4 33. cxd6 (33. a3 dxc5) 33... b6 (33... Rxd6 34. Rxb7 g5 35. Re1 Rxb4 (
35... g4 36. Ree7 Rf6 37. Rg7+ Kf8 38. Rxh7 Kg8 39. Be2 Rxb4 40. Rhg7+ Kf8 41.
Rgc7 Kg8 (41... Re4 42. Bxb5 axb5 43. Rxb5 $18) 42. Bd3 $18) 36. Ree7 Rb1+ 37.
Kf2 Rf6 38. Rg7+ Kf8 39. Rxh7 Kg8 40. Rhg7+ Kf8 41. Rxg5 $18) 34. Be2 Rd4 35.
Bxb5 axb5 36. d7 Re4 (36... Kf8 37. Rbe1 Re4 38. R1xe4 fxe4 39. d6 $18) 37. d6
Kf8 38. Rxe4 fxe4 39. Rf1+ Kg8 40. Kf2 Kf7 (40... Rxd7 41. Rd1 Kf7 42. Ke3 Ke8
43. Kxe4 Ra7 44. Rd2 Ra4 45. Kd5 Rxb4 46. Kc6 Kd8 47. Kxb6 Kd7 48. Kc5 Rb1 $16)
41. Ke3+ Ke6 42. Kxe4 Rxd7 43. Rd1 $16 Rxd6 44. Rxd6+ Kxd6 45. g3 (45. Kf5 Kd5)
45... Ke6 46. h4 Kd6 47. g4 (47. a3 Ke6 48. g4 g6) 47... Ke6 48. h5 Kf6 49. Kf4
h6 50. g5+ Ke6 51. a3 hxg5+ 52. Kxg5 Kf7 53. Kf5 Ke7 54. Ke5 Kd7 55. Kd5 $18)
27. Bxf3 Rxc4 $5 (27... Rxf4 $5 28. c5 (28. Re8+ Kf7 29. Rae1 Rxc4 $44) 28...
Rxb4 29. cxd6 Bd7 $11) 28. Re8+ (28. Rac1 $2 Rxc1 29. Rxc1 Bd7 30. Rc7 Rc8 $11)
28... Kf7 29. Rae1 Rxb4 30. Rd8 Rxf4 $2 (30... b5 31. g3 a5 32. Ree8 Rb1+ (
32... Rc4 33. Bh5+ g6 34. Be2 (34. Rh8 Rc1+ 35. Kg2 gxh5 36. Rhf8+ $11) 34...
Rc2 35. h4 (35. Rh8 Kg7) 35... h5 $11 (35... Rxa2 36. h5 a4 37. h6 Bd7 38. Rf8+
Ke7 39. Rxb8 Rxe2 40. Rh8 Kf6 41. Rxh7 $18)) 33. Kg2 Rb2+ 34. Kg1 (34. Kh3 Rc2
$11) 34... Rb1+ 35. Kf2 Rb2+ 36. Ke3 Rc2 (36... Rxh2 37. Be2 $16) (36... Rxa2
37. Rxc8 Rxc8 38. Rxc8 Rxh2 39. Be2 $18) 37. h4 b4 38. Bh5+ g6 39. Bd1 Rc3+ 40.
Kf2 Rc1 41. Be2 (41. Ba4 Rc7 42. Rxd6 b3 43. axb3 Rxb3 $11) 41... Rc2 42. Ke1
a4 43. h5 b3 44. axb3 axb3 45. h6 $11) 31. Rc1 Rb4 32. h3 $18 {[%csl Rc8]})
25... Rxe1+ (25... Rxf4 26. Re8+ Kf7 27. Rh8 $16 {[%csl Rf7][%cal Gh8b8]}) 26.
Qxe1 Bd7 27. Qf1 Re8 28. a4 Re3 29. Rd1 Qc3 $44) 25. Bxd3 b5 26. Rc1 Bb7 27.
Be2 Qxd1 28. Rcxd1 bxc4 29. Bxc4 Rbc8 30. Rd4 e3 31. a4 $16) 24. Bxd3 Qd4+ (
24... Qxf4 25. g3 Qf5 26. Rxe4 $1 Rxe4 27. Qb1 Qe5 28. Bxe4 Qd4+ 29. Kh1 h6 30.
Bg2 Bf5 31. Qf1 Rf8 $44)) 21. Qxd4 Nf6 22. b4 Bd7 23. Qb6 $1 $16) 20. Qxd4 Qh4
21. g3 $14) 18. Bxf3 Be3+ 19. Kh1 f4 (19... b5 20. Re1 f4 21. cxb5 axb5 22. Nc3
b4 23. Nb5 Ne5 24. Bxe3 fxe3 25. Rxe3 Ra5 $2 (25... Qg5 26. Qd4 Bb7 (26... Nxf3
27. gxf3 Qh6 28. Re7 $16) 27. Nc7 Nxf3 28. gxf3 Rac8 29. Ne6 Qf6 30. Qxf6 Rxf6
$44) 26. Nd4 Qa7 27. Rxe5 $1 dxe5 28. Nc6 Qb6 29. Nxa5 Qxa5 30. Qb3 $18) 20.
Bxe3 fxe3 21. Qd4 b5 22. cxb5 axb5 23. Nc3 b4 {1/2} (23... Qe5 $1 24. Qb4 (24.
Qxe5 Nxe5 25. Nxb5 Ba6 26. Be2 Rfc8 27. Rfe1 Rc2 28. b4 (28. a4 Rxe2 29. Rxe2
Bxb5 30. Rxe3 Rxa4 31. Rxa4 Bxa4 $17 32. Ra3 Bb5 33. Ra5 Bc4 {[%csl Rd5]} 34.
Kg1 Kf7 35. Kf2 Ng4+) 28... Rxe2 29. Rxe2 Bxb5 30. Rxe3 Nd3 (30... Bc4 31. a4
Nd3 32. a5 (32. b5 Bxb5 33. Ra3 Bc4 34. Raxd3 Bxd3 35. Rxd3 Rxa4 $15) 32...
Nxb4 33. Re4 Nc2 34. Rd1 Na3 35. Re6 Nb5 36. Ra1 Bxd5 $19) 31. Re6 Ra6 32. Re7
Nxb4 33. Rc1 Ra8 34. Rb7 Nxa2 35. Rcc7 Bd3 36. Rxg7+ Kh8 37. Rgd7 Nc3 38. h3
Be4 39. Rxd6 Nxd5 40. Kh2 Ne3 41. Rbd7 $11 {[%cal Gd7d8]}) (24. Nxb5 Ba6 25.
Qxe5 Nxe5 26. Be2 Rfc8 {- A}) 24... Nc5 25. Nxb5 e2 26. Rfe1 Nd3 27. Qb3 Qe3
$19) 24. Ne4 Ba6 25. Rfe1 Ne5 26. Rxe3 Nxf3 27. gxf3 $14 1/2-1/2

[Event "ISR-chT"]
[Site "Israel"]
[Date "1998.04.02"]
[Round "9"]
[White "Maryasin, Boris Feliksovich"]
[Black "Tsesarsky, Ilya"]
[Result "0-1"]
[WhiteElo "2350"]
[BlackElo "2425"]
[Annotator "Tsesarsky,I"]
[PlyCount "124"]
[EventDate "1998.01.15"]
[EventType "team-tourn"]
[EventRounds "10"]
[EventCountry "ISR"]
[SourceTitle "CBM 064"]
[Source "ChessBase"]
[SourceDate "1998.06.02"]
[SourceVersion "1"]
[SourceVersionDate "1998.06.02"]
[SourceQuality "1"]

1. e4 c5 2. Nf3 Nc6 3. d4 cxd4 4. Nxd4 Nf6 5. Nc3 e5 (5... e6 6. Ndb5 d6 7. Bf4
e5 8. Bg5 a6 9. Na3 b5 10. Bxf6 gxf6 11. Nd5 f5 12. c3 Bg7 13. exf5 Bxf5 14.
Nc2 O-O 15. Nce3 Be6 16. Bd3 f5 17. Qh5 e4 18. Bc2 Ne7 19. Bb3 (19. Nf4 Qd7 (
19... Bf7 20. Qg5 (20. Bb3 d5 21. Qd1 d4 $132) 20... h6 21. Qg3 Qd7 $132) 20.
Nxe6 Qxe6 21. Bb3 d5 22. Rd1 Rad8 23. O-O $14 {0-1 Medvegy N.-Fercec N./Open
Portoroz 1997 (31)}) 19... Ng6 $6 (19... Kh8 20. Nf4 Bxb3 21. axb3 Qd7 22. Rd1
Rf6 23. Qe2 Re8 24. O-O Bh6 $1 $15 (24... Rh6 25. f3 Ng6 26. Nxg6+ Rxg6 27. f4
$11 {1-0 Ghinda,M-Bousmaha,A/Lucerne WTC 1985 (43)})) (19... Nxd5 20. Nxd5 a5
21. Nf4 Bxb3 22. axb3 Qe8 $15 (22... Qe7 23. O-O b4 24. Nd5 Qe5 25. Rfd1 $132 {
0-1 Kleinplatz,S-Braga,F/Benasque op 1993 (51)})) 20. f4 $2 (20. Qh3 $1 Kh8 (
20... Ne5 21. O-O a5 (21... Nd3 22. f3 exf3 23. Rxf3 Nxb2 24. Nxf5 Kh8 25. Raf1
Rxf5 (25... Qg5 26. Nc7 Bxf5 27. Nxa8 $18) 26. Rxf5 Qd7 27. Bc2 h6 28. Nf4 $16)
(21... Kh8 22. Nf4 Bxb3 23. axb3 Qd7 24. b4 $14) 22. Bc2 Bxd5 23. Nxd5 Qg5 24.
Nc7 Nf3+ 25. Kh1 Nd2 26. Rfd1 $18) 21. O-O Qg5 $132) 20... exf3 21. Qxf3 (21.
gxf3 f4 22. Ng4 (22. Ng2 Rf5 $19) 22... Rf5 $19 23. Qxf5 Bxf5 24. Ne7+ Kh8 25.
Nxf5 Qe8+ (25... h5 26. Nf2 Bxc3+ $1 (26... Nh4 27. Nxg7 Kxg7 $17 {1/2-1/2
Hjelm,N-Dovzik,J/Budapest FS06 IM 1993}) 27. bxc3 Qc8 $19) 26. Kf2 Qc6 $19)
21... f4 $15) 6. Ndb5 d6 7. Bg5 a6 8. Na3 b5 9. Bxf6 gxf6 10. Nd5 f5 11. c3 Bg7
12. exf5 Bxf5 13. Nc2 O-O 14. Nce3 Be6 15. Qh5 f5 16. Bd3 e4 17. Bc2 Ne7 18.
Bb3 (18. Rd1 Ng6 (18... Nxd5 19. Nxd5 Rc8 $11 (19... Bxd5 $6 20. Rxd5 Qd7 (
20... Be5 $6 21. O-O Qe8 (21... Ra7 $2 22. f4 exf3 (22... Bf6 23. Rfd1 $16) 23.
Rxf3 $16 {1-0 Bauer,C-Santo Roman,M/ch-FRA, Narbonne FRA 1997 (31)}) 22. Qd1
$14) 21. O-O $14)) 19. f4 (19. g4 Nh4 (19... f4 20. Nf5 Bxf5 21. gxf5 Qh4 22.
Ne7+ $1 Qxe7 23. fxg6 h6 (23... hxg6 24. Bb3+ $18) 24. Qd5+ Kh8 25. Bxe4 $16)
20. gxf5 Bxf5 21. Nxf5 Rxf5 22. Qg4 Qg5 $11) 19... exf3 20. gxf3 Nh4 21. Bb3
Bf7 22. Nf4 Bxb3 23. axb3 Qe8 24. Kf2 Ng6 $11 {1-0 Kudrin,S-Kindermann,S/
Beersheba 1984 (37)}) (18. Nf4 Bf7 19. Bb3 d5 20. Qg5 h6 21. Qh4 d4 22. Rd1
Bxb3 23. axb3 Nc6 $17 (23... Qb6 24. Qxe7 dxe3 25. Qe6+ Qxe6 26. Nxe6 exf2+ 27.
Kxf2 Rf7 $11 {Pelle,G-Sahetchian,A/Cappelle op 1995/1-0 (61)})) 18... Nxd5 (
18... Ra7 $2 19. Nxe7+ Qxe7 20. Nxf5 Qf6 21. Bxe6+ Qxe6 22. Nxg7 Rxg7 23. O-O
$16 {Kreiman,B-Salman,J/Philadelphia World op 1992/1-0 (63)}) (18... Kh8 19.
Nf4 Bxb3 20. axb3 Qd7 (20... Qc8 21. O-O Be5 22. Ned5 Nxd5 23. Nxd5 Ra7 24. Qe2
Qe6 25. Rad1 Rg7 26. f4 exf3 27. Qxf3 $132 {Paraminski,A-Aksiuczyc,M/EuT-ch 
(women), Pula CRO 1997/1/2-1/2 (57)}) 21. Ned5 Nxd5 22. Nxd5 f4 23. g3 $6 (23.
Nb6 Qc6 $1 (23... Qe8 24. Qxe8 Raxe8 25. Rxa6 b4 26. cxb4 $14) 24. Nxa8 Bxc3+
25. Kf1 (25. bxc3 Qxc3+ 26. Ke2 Qb2+ $19) 25... Bxb2 26. Rd1 Rxa8 $17) 23...
Rf5 $1 (23... f3 24. O-O Rf5 25. Qg4 Qf7 26. Ne3 Re5 $132 {1-0 Buzbuchi,
I-Zingheim,S/Chicago op 1986 (38)}) 24. Qd1 (24. Qh3 e3 $36) (24. Qg4 Rg8 25.
Qh3 e3 $40) 24... e3 25. fxe3 (25. Nxf4 exf2+ (25... b4 26. Qf3 Qa7 27. O-O
bxc3 28. bxc3 Bxc3 29. Rad1 Bd2 $132) 26. Kxf2 Be5 $15) 25... fxe3 $17) (18...
Ng6 $5 19. Qh3 $1) 19. Bxd5 (19. Nxd5 a5 20. Qd1 (20. Nf4 Bxb3 21. axb3 Qe8 $1
$15 (21... Qe7 $6 22. O-O b4 $5 23. cxb4 Qe5 24. Qg5 (24. Nh3 f4 25. Qxe5 Bxe5
26. bxa5 Rfb8 27. Ng5 e3 $44) 24... axb4 25. Rad1 Ra2 26. Nh5 f4 $10 27. Qg4 $2
(27. Qxg7+ Qxg7 28. Nxg7 Kxg7 29. Rxd6 Rxb2 30. Rd4 f3 31. g3 Rxb3 32. Rxe4 Rb8
$10) 27... Ra7 $1 $15 {1/2-1/2 Adams,M-Beliavsky,A/EU-chT Debrecen UKR-ENG
1992 (53)})) (20. O-O Ra7 (20... a4 21. Nf4 Bxb3 22. axb3 Qd7 $11 (22... axb3
$2 23. Qd1 $1 $16)) 21. Qe2 Qe8 22. Nf4 Bxb3 23. axb3 Be5 24. Nd5 Kh8 $15 {
1/2-1/2 Buzbuchi,I-Shtern,I/Chicago op 1986 (56)}) 20... a4 21. Nf4 Bxb3 22.
axb3 a3 23. Qd5+ Kh8 24. Rxa3 Rxa3 25. bxa3 Bxc3+ 26. Ke2 Be5 27. Ne6 Qa8 28.
Qxa8 Rxa8 $15 {1/2-1/2 Escobar,T-Godoy,C/Buenos Aires FMDA 1990 (48)}) 19...
Bxd5 20. Nxd5 Qd7 (20... a5 21. O-O b4 22. f3 bxc3 23. bxc3 e3 $132) (20... f4
21. Qg4 Kh8 22. Nxf4 Qf6 23. g3 b4 24. O-O bxc3 25. bxc3 Qxc3 26. Rad1 $14) 21.
O-O (21. Nb6 Qe8 $15) 21... Rae8 (21... f4 $4 22. Nb6 Qe8 23. Qd5+ $18) 22. f4
a5 $11 (22... exf3 23. Qxf3 Re5 24. Nf4 $14) 23. a3 Rc8 24. Rad1 Qe6 (24...
Qa7+ 25. Kh1 Qf7 26. Qe2 Rc5 27. Qd2 $11) 25. Qe2 Rc5 26. Qd2 Rd8 27. Kh1 Kh8
28. g4 $2 $17 (28. Rfe1 Kg8 $11) 28... fxg4 29. f5 Qe5 (29... Qf7 30. f6 Bf8
31. Rf5 $14) 30. f6 Bf8 31. Qd4 (31. b4 axb4 32. cxb4 Rc6 (32... Rc4 33. Ne3 d5
34. Nxc4 bxc4 35. Qd4 Qxd4 36. Rxd4 Rd6 37. Kg2 $16) 33. Qe2 Rdc8 34. Qxg4 Rc2
35. Qg1 Bh6 (35... e3 36. Nxe3 Qe4+ 37. Ng2 Ra2 38. Rf4 $16) 36. Ne3 Rg8 37.
Qxg8+ Kxg8 38. Nxc2 e3 $17) 31... Qxd4 32. Rxd4 Re8 33. Ne3 $6 (33. b4 axb4 34.
axb4 Rc4 35. Rxc4 bxc4 36. Ne3 h5 37. Rf5 Kh7 38. Rxh5+ Kg6 39. Rh4 Kxf6 40.
Rxg4 Bh6 41. Nxc4 e3 $17) 33... h5 34. Kg2 Kh7 35. Nf5 $6 (35. f7 Ree5 36. c4
Rc7 37. Rf4 Kg6 38. Rdxe4 Rxf7 39. Rxf7 Rxe4 40. Rxf8 Rxe3 41. cxb5 Rb3 42. a4
Rxb2+ 43. Rf2 Rb4 $17) 35... Re6 $19 36. Ng3 (36. Ne3 Kg6 37. b4 Rxc3 38. Nd5
Rc2+ 39. Rf2 Rxf2+ 40. Kxf2 e3+ 41. Ke2 axb4 42. Nf4+ Kxf6 43. Nxe6 Kxe6 44.
Rxb4 d5 45. Rxb5 Bd6 (45... Bxa3 46. Kxe3 $11) 46. Kxe3 Bxh2 47. Rb7 h4 48. Rh7
h3 $19) 36... Rce5 37. Ne2 Kh6 38. f7 Kg5 39. a4 bxa4 40. Rxa4 Rf6 (40... h4 $2
41. b4 $1 Rf6 (41... axb4 42. Ra8 $1 $16) 42. Rxf6 Kxf6 43. bxa5 Kxf7 44. a6
Re8 45. a7 Ra8 46. Rxe4 $11) 41. Rfa1 Rxf7 (41... e3 42. Nd4 Rxf7 43. Rxa5 Bg7
$17) 42. Rxa5 Bg7 (42... e3 $5 43. Rxe5+ dxe5 44. Rf1 Rxf1 45. Kxf1 h4 46. b4
Bd6 47. b5 e4 48. Kg2 Bc5 $19) 43. b4 Rf3 (43... e3 $19) 44. Ng3 d5 45. Rd1 Rd3
46. Rf1 Rd2+ 47. Kg1 h4 48. Rf7 hxg3 (48... Bf6 49. Nf1 Rd3 $19) 49. Rxg7+ Kf4
(49... Kh6 50. Rxg4 gxh2+ 51. Kh1 Rg5 $19) 50. Rf7+ Ke3 51. hxg3 Kd3 (51... Rh5
52. c4 Rdh2 $19) 52. Rf1 e3 53. Raa1 Kxc3 54. b5 d4 55. b6 Rb5 56. Ra3+ Kc4 57.
Ra4+ Kd3 58. Ra3+ Ke2 59. Ra6 Rdb2 60. Raa1 Rxb6 61. Rae1+ Kd3 62. Rf4 Rb1 0-1

[Event "ISR-chT"]
[Site "Israel"]
[Date "1998.02.28"]
[Round "?"]
[White "Liss, Eran"]
[Black "Tsesarsky, Ilya"]
[Result "1-0"]
[WhiteElo "2540"]
[BlackElo "2425"]
[Annotator "Tsesarsky,I"]
[PlyCount "109"]
[EventDate "1998.01.15"]
[EventType "team-tourn"]
[EventRounds "10"]
[EventCountry "ISR"]
[SourceTitle "CBM 063"]
[Source "ChessBase"]
[SourceDate "1998.03.26"]
[SourceVersion "1"]
[SourceVersionDate "1998.03.26"]
[SourceQuality "1"]

1. e4 c5 2. Nf3 Nc6 3. d4 cxd4 4. Nxd4 Nf6 5. Nc3 e5 6. Ndb5 d6 7. Bg5 a6 8.
Na3 b5 9. Bxf6 gxf6 10. Nd5 f5 11. g3 fxe4 12. Bg2 Bg7 13. Bxe4 Ra7 (13... Be6)
14. Qh5 Ne7 (14... h6 15. c3 O-O 16. O-O f5 17. Bg2 Bd7 $132 {Velicka,L -
Timoshenko,G 1/2 Cheliabinsk 1990}) 15. O-O $146 (15. Nxe7 Rxe7 16. Rd1 Qc7 17.
c3 Be6 18. Nc2 Qc4 19. Qf3 O-O (19... Qxa2 20. Bc6+ Kd8 21. Rxd6+ Kc7 22. Nb4
Qxb2 23. Rd3 (23. Bxb5 e4 $19) 23... a5 24. Nd5+ Bxd5 25. Qxd5 $132) 20. Nb4 f5
21. Bd5 e4 22. Qe2 Bxd5 23. Nxd5 Rb7 24. Ne3 Qxa2 25. Rxd6 b4 26. cxb4 (26.
Rxa6) 26... Rxb4 27. O-O a5 (27... Rxb2 28. Qxa6 Qxa6 29. Rxa6 f4 $11) 28. Qh5
Qf7 29. Qg5 Rxb2 (29... h6 $4 30. Rxh6 f4 31. Nd5 fxg3 {Henao-Hechtliger  1:0
Philadelfia open 1993}) 30. Rfd1 f4 $15) 15... Nxd5 16. Bxd5 O-O 17. c4 Kh8 (
17... Be6 18. Rad1 Qd7 19. Rd2 Rc7 (19... b4 20. Nb1 Rc7 21. b3 Bf5 22. Re1 Bg6
23. Qd1 Rd8 24. Bg2 Rc5 25. Rd5 $14) 20. Bxe6 fxe6 21. Rfd1 b4 22. Nc2 Qc6 23.
Rxd6 Qxc4 24. R6d2 $14) (17... bxc4 18. Nxc4 Be6 19. Rfd1 Rd7 20. Rac1 Qb8 21.
b3 $14) 18. cxb5 f5 19. Rac1 e4 20. Rc2 axb5 $5 (20... Bd7 $1 21. bxa6 Rxa6 22.
Nb1 Ra5 (22... Qf6 23. Nc3 Rb8 24. Rd1 Rab6 25. Bb3 Be8 26. Qe2 Qh6 27. Qe3 $16
) 23. Rd1 f4 24. Qe2 e3 (24... Qg5 25. Bxe4 fxg3 26. hxg3 Bg4 (26... Rxa2 27.
Rxd6 $18) 27. f3 Bxf3 28. Bxf3 Qxg3+ 29. Qg2 (29. Bg2 Be5 $19) 29... Qf4 (29...
Qxf3 30. Qxf3 Rxf3 31. Rc8+ Rf8 32. Rxf8+ Bxf8 33. a3 $11) 30. Qh3 Rg5+ 31. Kh1
Rg3 32. Qh5 Rxf3 33. Nd2 Rg3 34. Rc4 Qf2 35. Qh2 Qxh2+ 36. Kxh2 Be5 37. Kh1
Rfg8 38. Rh4 Rd3 $19) 25. gxf4 exf2+ 26. Qxf2 Bg4 27. Rdd2 Ra4 28. Rc4 Rxa2 29.
Nc3 Ra1+ 30. Kg2 Qd7 $44) 21. Nxb5 Ra5 $4 (21... Re7 $1 22. Rfc1 (22. Rd1 Ba6
$1 (22... Re5 23. Rxc8 Qxc8 24. Nxd6 f4 25. Nf7+ Rxf7 26. Qxf7 e3 27. fxe3 fxg3
28. hxg3 Rxe3 29. Qf2 $18) (22... Be5 23. Nd4 Rg7 24. Be6 $16) 23. Nc3 (23.
Nxd6 Rd7 $1 (23... Qxd6 24. Rc6 Qe5 25. Rxa6 e3 (25... Qxb2 26. Ra8 Qf6 27.
Rxf8+ Bxf8 $14) 26. Qf3 exf2+ 27. Qxf2 Qxb2 28. Qxb2 Bxb2 29. Re6 Rxe6 30. Bxe6
f4 $14) 24. Rcd2 Rxd6 25. Bg8 $8 Kxg8 (25... Rh6 26. Qxh6 Bxh6 27. Rxd8 Kxg8
28. R8d6 $18) 26. Rxd6 Qc8 $132) 23... Bd3 24. Rcc1 Qa5 25. Bb3 Rc7 $44) 22...
Ba6 (22... Bd7 23. Nxd6 $18) 23. Nc7 Bd3 24. Ne6 (24. Rc6 Bxb2 25. Ne6 Rxe6 26.
Bxe6 Bxc1 27. Rxc1 Qf6 $15) 24... Rxe6 25. Bxe6 Qf6 26. Bd5 (26. Bxf5 Qxf5 27.
Qxf5 Rxf5 28. Rc8+ Bf8 29. R1c7 Kg8 30. Rd7 Rc5 31. Rxc5 dxc5 32. a4 Bg7 33.
Rb7 Bd4 34. a5 e3 35. Rb8+ Kg7 36. fxe3 Bxe3+ 37. Kg2 Bd2 38. Rb7+ $11) 26...
Bxc2 27. Rxc2 Qd4 28. Be6 Qe5 29. Bb3 d5 $44) 22. Rxc8 $1 Qxc8 23. Nxd6 Qc7 (
23... Qd7 24. Nf7+ Rxf7 25. Bxf7 Bxb2 26. Bg6 Rd5 27. Rb1 f4 28. Qxh7+ Qxh7 29.
Bxh7 Kxh7 30. Rxb2 $18) 24. Nf7+ Rxf7 25. Qxf7 $4 (25. Bxf7 $1 Bxb2 (25... f4
26. Qh4 (26. Bd5 Qe5 27. Qxe5 Bxe5 28. gxf4 Bxb2 29. Rd1) 26... Bxb2 27. Rd1
$18) 26. Be6 (26. Qg5 Ra8 27. Be6 Rf8 28. Bxf5 $18) 26... Qe7 27. Bxf5 Rxa2 28.
Rd1 Ra1 29. Rxa1 Bxa1 30. Qe2 Bd4 31. Bxe4 $18) 25... Qxf7 26. Bxf7 Bxb2 $14
27. Rd1 Rc5 (27... Kg7 28. Rd7 Kf6 $14) 28. Rd7 Bc1 (28... Kg7 $14) 29. Bd5 e3
(29... Rc2 30. a4 e3 31. fxe3 Bxe3+ 32. Kh1 f4 33. a5 fxg3 34. hxg3 h6 35. a6
Rd2 $14) 30. fxe3 Bxe3+ 31. Kg2 Rc2+ 32. Kf3 Bc1 (32... Bb6 33. Kf4 Rxh2 34.
Kxf5 Rf2+ 35. Kg4 $16) 33. a4 Rc3+ 34. Ke2 f4 35. a5 Ra3 36. Ra7 fxg3 37. hxg3
Bb2 $2 (37... Be3 $1 38. Ra8+ Kg7 39. a6 Bg1 40. g4 h6 $14) 38. a6 Bd4 39. Rd7
$1 h5 $4 (39... Bb6 40. Bc4 Re3+ 41. Kd2 Rxg3 42. Rb7 Rg6 43. Bd3 Rh6 44. a7
Bxa7 45. Rxa7 $14) (39... h6 40. Bc4 Bc5 41. Bd3 Kg8 42. Kf3 $16) 40. Bc4 $18
Bb6 41. Bd3 Ra2+ (41... Kg8 42. Kf3 Kf8 43. Kg2 Ke8 44. Bb5 Kf8 (44... Rb3 45.
Rd5+ Ke7 46. Rxh5 $18) 45. Rh7 $18) 42. Kf3 Ra5 43. Be2 Kg8 44. Rb7 Bg1 45. Kg2
Be3 (45... Bd4 46. Kh3 $18) 46. Kh3 (46. Rb5 $2 Rxb5 47. Bxb5 Kg7 48. Kh3 Kh6
$11) 46... Bf2 47. Rb5 $1 Ra3 (47... Rxb5 48. Bxb5 Kg7 49. Kh4 Kh6 50. Be2 Bc5
51. Bxh5 Be7+ 52. Kg4 Bc5 53. Be8 $18) 48. Rg5+ Kh7 49. Kg2 Be1 50. Rxh5+ Kg6
51. g4 Bd2 52. Rd5 Bf4 53. Bd3+ Kg7 54. g5 Be3 55. Rd7+ 1-0